000 00924nam a22001937a 4500
999 _c60205
_d60205
003 Ge_BSU
005 20230619111027.0
008 230619s1968 ge ||||| |||| 00| 0 geo d
041 _ageo
080 _a821.353.1'01.09 თ-39
100 _aექვთიმე თაყაიშვილი
_918798
245 _aრჩეული ნაშრომები :
_bტომი I /
_cექვთიმე თაყაიშვილი.
264 _aთბილისი ;
_bმეცნიერება,
_c1968.
300 _a423 გვ.;
_b26 სმ.
500 _aპარალ. სათ. რუს. ენ.
653 _aმასალები ძველი ქართული მწერლობის ისტორიიდან
653 _aქვთიმე თაყაიშვილის ავტობიოგრაფიული ჩანაწერები
942 _2udc
_cBK